| 000 | 00831nam a2200241 a 4500 | ||
|---|---|---|---|
| 001 | 000002209 | ||
| 003 | DO-SdBNP | ||
| 005 | 20250307130955.0 | ||
| 008 | 090701s1991 dr 001 0 spa d | ||
| 040 |
_aDO-SdBNP _bspa _cBNPHU |
||
| 082 |
_axxxx _bV985d |
||
| 100 | 1 |
_aVásquez, Archibaldo _97066 |
|
| 245 | 1 | 0 |
_aDepósitos financieros y la familia rural / : _bArchibaldo Vásquez. |
| 260 |
_aSanto Domingo : _bCEMYB, _c1991. |
||
| 300 |
_a225 p. ; _c21 cm. |
||
| 490 | 1 | _aSerie estudios | |
| 500 | _aIncluye notas al pie de páginas | ||
| 500 | _aIncluye índice de cuadro | ||
| 504 | _aIncluye referencias bibliográficas [p. 207-219] | ||
| 710 |
_aCentro de Estudios Monetarios y Bancarios (República Dominicana) _96296 _bCentro de Estudios Monetarios y Bancarios |
||
| 830 | 0 |
_aSerie estudios _97068 |
|
| 942 |
_2ddc _cLBS1 |
||
| 999 |
_c2057 _d2057 |
||